000 00791cam a22002533a 4500
001 19785
003 PGUSA
005 20140828083423.0
008 061115s2006||||xxu|||||s|||||000 | eng d
040 _aPGUSA
_beng
042 _adc
050 4 _aJK
050 4 _aE201
100 1 _aJefferson, Thomas,
_d1743-1826
245 1 0 _aDeclaration of Independence of the United States of America
_h[electronic resource] /
_cThomas Jefferson
260 _bProject Gutenberg,
_c2006
506 _aPublic domain in the USA.
516 _aElectronic text
653 _aUnited States. Declaration of Independence
653 _aUnited States -- History -- Revolution, 1775-1783 -- Sources
830 0 _aProject Gutenberg
_v19785
856 4 0 _uhttp://www.gutenberg.org/ebooks/19785
942 _cEB
999 _c249040
_d249040